| 000 | 00412nam a2200169Ia 4500 | ||
|---|---|---|---|
| 008 | 230711s9999||||xx |||||||||||||| ||und|| | ||
| 020 | _a978-81-203-4446-4 | ||
| 041 | _aENG | ||
| 082 |
_a621.319 _bSR-P |
||
| 100 | _aSreenivasan,G | ||
| 245 | 0 | _aPower theft | |
| 250 | _a2nd Ed. | ||
| 260 |
_c2011 _aNew Delhi _bPHI Learning Private Limited |
||
| 300 | _a140 | ||
| 650 | _aElectrical Engineering | ||
| 942 | _cBK | ||
| 999 |
_c5108 _d5108 |
||